Najlepsi strzelcy drużyn z grupy mistrzowskiej - Statystyki

Ogólne statystyki
  • Ten quiz został rozwiązany 31 razy
  • Średni wynik to 12 z 23
Statystyki odpowiedzi
# Klub Nazwisko % Poprawnych
24 Lech Poznań Christian Gytkjaer
93%
14 Legia Warszawa Jarosław Niezgoda
86%
14 Lechia Gdańsk Flavio Paixao
79%
16 Piast Gliwice Jorge Felix
76%
12 Piast Gliwice Piotr Parzyszek
72%
10 Legia Warszawa José Kanté
69%
8 Lech Poznań Kamil Jóźwiak
66%
8 Śląsk Wrocław Erik Exposito
59%
11 Jagiellonia Białystok Jesus Imaz
59%
12 Cracovia Rafael Lopes
55%
8 Śląsk Wrocław Przemysław Płacheta
52%
7 Pogoń Szczecin Adam Buksa
48%
10 Lech Poznań Daniel Ramirez
45%
7 Śląsk Wrocław Robert Pich
45%
9 Cracovia Sergiu Hanca
45%
7 Lechia Gdańsk Łukasz Zwoliński
38%
8 Legia Warszawa Valeriane Gvilia
38%
6 Lechia Gdańsk Artur Sobiech
34%
7 Jagiellonia Białystok Patryk Klimala
34%
6 Legia Warszawa Paweł Wszołek
34%
8 Cracovia Pelle van Amersfoort
28%
6 Pogoń Szczecin Srdjan Spiridonovic
24%
6 Lech Poznań Darko Jevtić
17%
Nie znaleziono quizów pasujących do podanych kryteriów
Rozkład punktacji
Procent ludzi z każdym wynikiem
Percentyl według liczby udzielonych odpowiedzi
Twoja historia wyników
Nie rozwiązałeś tego quizu